| 000 | 00631nam a2200229 a 4500 | ||
|---|---|---|---|
| 005 | 20240806063841.0 | ||
| 008 | 991125s1997 mad 000 0 spa u | ||
| 020 | _a8429992519 | ||
| 020 | _a9687791195 | ||
| 035 | _aUPN01000016670 | ||
| 049 | _aCG | ||
| 050 | 4 |
_aPQ7297 C6.4 _bD6 |
|
| 100 | 1 |
_aCelis, Claudia, _d1951- _933301 |
|
| 245 | 1 | 0 |
_aDonde habitan los ángeles / _cClaudia Celis. |
| 260 |
_aMadrid : _aMéxico : _bCNCA : _bSM, _c1997. |
||
| 300 | _a124 p. | ||
| 440 | 0 |
_aGran angular; _v4M |
|
| 650 | 4 |
_aLiteratura mexicana _94466 |
|
| 650 | 4 |
_aNovela mexicana _ySiglo XX _96052 |
|
| 905 | _aLibro | ||
| 999 |
_c16670 _d16670 |
||